000 00689nmm a2200253 a 4500
003 AR-BaBNM
005 20251128205118.0
008 236019s1993 ||||||||||||||000 | spa||
020 _a987-99025-2-1
040 _cAR-BaBNM
245 1 0 _aLa pluma y la aguja
_blas escritoras de la Generación del '80 : antología
260 _aBuenos Aires
_bFeminaria
_c1993
300 0 _a76 p.
500 0 _aContiene índice en p. 77
650 4 _aLITERATURA ARGENTINA
650 4 _aGENERACION DE 1880
650 4 _aBIOGRAFIAS
650 4 _aMUJERES ESCRITORAS
650 4 _aANTOLOGIAS
655 _aLITERATURA
700 1 _aFrederick, Bonnie
_ecompilador
942 _cBK
998 _cisola
999 _c10036
_d10036